00257nam a2200097Ia 4500008004100000082001400041100002200055245004200077260002000119600002000139241002s9999 xx 000 0 und d a370.1 WIT aWitehead, A North 4aThe Aims of Education and Other Essay aNew York:c1954 aSocial Sciences